Zákaz konkurencie členov predstavenstva v akciovej spoločnosti

Bibliographic Details
Main Author: Hainish, Edita (Author)
Format: Article
Language:Slovak
Subjects:

MARC

LEADER 00000nab a2200000 a 4500
001 vtls008628407
003 SK-MaSNL
005 20260304140205.0
008 250505c2006 xo mr|p|||||||000 b|slo
015 |a SNBRB2006/03 
035 |a (uuid)f2ec3259-16b6-481c-a4cf-d53b13532b42 
035 |a urn:nbn:sk:snk-ab27bq 
035 |a (urnnbn)urn:nbn:sk:snk:ar-a01vck 
038 |a SNKBUCL 
040 |a SNKBUCL  |b slo  |c SNKBUCL  |e AACR2 
041 0 |a slo 
044 |a xo  |c SK 
080 |a 347.922.7  |2 1997 
080 |a 347.725  |2 1997 
100 1 |a Hainish, Edita  |4 aut  |9 1456303 
245 1 0 |a Zákaz konkurencie členov predstavenstva v akciovej spoločnosti  |c Edita Hainish 
300 |b Bibliogr. odkazy 
650 0 7 |a akciové spoločnosti  |2 snkbucl  |9 2214 
650 0 7 |a členovia predstavenstva  |2 snkbucl  |9 1018131 
650 0 7 |a konkurencia  |2 snkbucl  |9 2281 
773 0 |t Bulletin slovenskej advokácie  |g Roč. XII., č. 1-2 (2006), s. 17-25  |x 1335-1079 
850 |a Slovenská národná knižnica 
852 |a Slovenská národná knižnica 
954 |a odborná, vedecká literatúra pôvodná (slovenská)  |2 lita 
958 |a article2022 
958 |a NB 
958 |a OND 
958 |a EUIPO 
999 |c 2914101  |d 2916031